000 00301nam a2200133Ia 4500
008 220216s9999 xx 000 0 und d
100 _aMartin G
245 0 _aLatex and ISO/TC 45
260 _bRubber Developments
_c1957
300 _a102-104
650 _aISO/TC45
650 _aLatex
942 _cJS
999 _c61984
_d61984